| 000 | 00368 a2200133 4500 | ||
|---|---|---|---|
| 999 |
_c6213 _d6213 |
||
| 020 | _a9781779034557 | ||
| 050 | _aBX 2350 FAI 2011 | ||
| 245 |
_aStep in faith in action: _bgrade 7 pupils book/ _cSylvia Witt & David Witt |
||
| 264 |
_aHarare: _bLongman _c2011 |
||
| 300 |
_a160p.: _bill. |
||
| 500 | _aText | ||
| 650 | _aReligious studies | ||
| 942 |
_2lcc _cBK _h2350 _iFAI _kBX |
||